[Event "S. A. Group BAN-chT 2018"]
[Site "Dhaka"]
[Date "2018.12.07"]
[Round "2"]
[White "Anata, Choudhury"]
[Black "Mehdi Hasan Parag"]
[Result "0-1"]
[WhiteElo "2169"]
[BlackElo "2218"]
[Annotator "NA"]
[PlyCount "90"]
[EventDate "2018.12.07"]
[EventType "team-tourn"]
[EventCountry "BAN"]
[SourceTitle "playchess.com"]
[Source "ChessBase"]
[SourceQuality "1"]
[TimeControl "5400+30"]

1. e4 {[%emt 0:00:00]} c6 {[%emt 0:00:00]} 2. d4 {[%emt 0:00:00]} d5 {[%emt 0:00:00]} 3. Nd2 {[%emt 0:00:00]} dxe4 {[%emt 0:00:06]} 4. Nxe4 {[%emt 0:00:03]} Bf5 {[%emt 0:00:07]} 5. Ng3 {[%emt 0:00:09]} Bg6 {[%emt 0:00:08]} 6. h4 {[%emt 0:00:31]} h6 {[%emt 0:00:13]} 7. Nf3 {[%emt 0:00:11]} e6 {[%emt 0:00:17]} 8. Ne5 {[%emt 0:00:23]} Bh7 {[%emt 0:00:09]} 9. Bd3 {[%emt 0:00:15]} Bxd3 {[%emt 0:00:25]} 10. Qxd3 {[%emt 0:00:14]} Nd7 {[%emt 0:00:14]} 11. Qe2 {[%emt 0:00:44]} Ngf6 {[%emt 0:04:27]} 12. Bd2 {[%emt 0:00:19]} a5 {[%emt 0:05:30]} 13. O-O-O {[%emt 0:01:49]} Be7 {[%emt 0:01:43]} 14. f4 {[%emt 0:01:07]} O-O {[%emt 0:07:31]} 15. Nf1 {[%emt 0:01:37]} h5 {[%emt 0:04:57]} 16. Ne3 {[%emt 0:10:35]} Ne4 {[%emt 0:05:40]} 17. Be1 {[%emt 0:00:50]} Ndf6 {[%emt 0:01:50]} 18. g4 {[%emt 0:02:59]} hxg4 {[%emt 0:00:29]} 19. f5 {[%emt 0:05:20]} Qc8 {[%emt 0:14:35]} 20. Rf1 {[%emt 0:04:41]} a4 {[%emt 0:03:55]} 21. h5 {[%emt 0:06:34]} a3 {[%emt 0:03:46]} 22. b3 {[%emt 0:01:56]} Nd5 {[%emt 0:04:14]} 23. fxe6 {[%emt 0:18:36]} Qxe6 {[%emt 0:01:58]} 24. Nxd5 {[%emt 0:06:25]} cxd5 {[%emt 0:02:28]} 25. Qxg4 {[%emt 0:00:31]} Qxg4 {[%emt 0:01:10]} 26. Nxg4 {[%emt 0:00:18]} f5 {[%emt 0:01:35]} 27. Ne5 {[%emt 0:01:48]} Rac8 {[%emt 0:07:30]} 28. Rd3 {[%emt 0:04:34]} Rc7 {[%emt 0:12:20]} 29. Ba5 {[%emt 0:05:34]} Rcc8 {[%emt 0:00:25]} 30. Kd1 {[%emt 0:02:03]} b6 {[%emt 0:01:15]} 31. Be1 {[%emt 0:00:48]} Bg5 {[%emt 0:03:59]} 32. Nd7 {[%emt 0:03:40]} Rfd8 {[%emt 0:00:00]} 33. Nxb6 {[%emt 0:00:41]} Rc6 {[%emt 0:00:14]} 34. Na4 {[%emt 0:00:26]} Rdc8 {[%emt 0:00:34]} 35. c3 {[%emt 0:00:39]} f4 {[%emt 0:00:46]} 36. Rff3 {[%emt 0:05:15]} Kh7 {[%emt 0:00:54]} 37. b4 {[%emt 0:00:38]} Rh6 {[%emt 0:00:24]} 38. Nc5 {[%emt 0:03:19]} Rxh5 {[%emt 0:00:53]} 39. Ne6 {[%emt 0:00:35]} Rh1 {[%emt 0:02:51]} 40. Nxg5+ {[%emt 0:01:40]} Nxg5 {[%emt 0:00:02]} 41. Rxf4 {[%emt 0:00:21]} Kg6 {[%emt 0:03:07]} 42. Re3 {[%emt 0:02:59]} Ne4 {[%emt 0:01:23]} 43. Rff3 {[%emt 0:02:24]} Rg1 {[%emt 0:01:11]} 44. Re2 {[%emt 0:05:23]} Rxc3 {[%emt 0:00:53]} 45. Rxc3 {[%emt 0:00:33]} Nxc3+ {[%emt 0:00:04] Re3 [%clk 0:00:50]} 0-1

[Event "S. A. Group BAN-chT 2018"]
[Site "Dhaka"]
[Date "2018.12.07"]
[Round "2"]
[White "Hossain, Showkat Pollab"]
[Black "Aronyak Ghosh"]
[Result "0-1"]
[WhiteElo "2131"]
[BlackElo "2343"]
[Annotator "ChessBase"]
[PlyCount "110"]
[EventDate "2018.12.07"]
[EventType "team-tourn"]
[EventCountry "BAN"]
[SourceTitle "playchess.com"]
[Source "ChessBase"]
[SourceQuality "1"]
[TimeControl "5400+30"]

1. e4 {[%emt 0:03:11]} Nf6 {[%emt 0:00:00]} 2. Qe2 {[%emt 0:01:15]} d6 {[%emt 0:01:43]} 3. h3 {[%emt 0:01:26]} c5 {[%emt 0:01:39]} 4. b3 {[%emt 0:02:18]} g6 {[%emt 0:01:30]} 5. Bb2 {[%emt 0:00:21]} Bg7 {[%emt 0:00:02]} 6. g4 {[%emt 0:00:11]} e5 {[%emt 0:01:10]} 7. Nc3 {[%emt 0:03:22]} Nc6 {[%emt 0:00:07]} 8. Nf3 {[%emt 0:15:18]} O-O {[%emt 0:04:29]} 9. Qe3 {[%emt 0:07:17]} Nd4 {[%emt 0:00:54]} 10. Bd3 {[%emt 0:06:20]} Bxg4 {[%emt 0:01:58]} 11. Nxe5 {[%emt 0:00:23]} Bh5 {[%emt 0:00:52]} 12. Ng4 {[%emt 0:06:42]} Nxg4 {[%emt 0:00:48]} 13. hxg4 {[%emt 0:00:02]} Bxg4 {[%emt 0:00:07]} 14. Kf1 {[%emt 0:06:18]} h5 {[%emt 0:02:41]} 15. Rc1 {[%emt 0:17:26]} Nf3 {[%emt 0:10:49]} 16. Be2 {[%emt 0:03:32]} Bd4 {[%emt 0:01:30]} 17. Qd3 {[%emt 0:00:19]} Qf6 {[%emt 0:02:36]} 18. Bxf3 {[%emt 0:09:31]} Qxf3 {[%emt 0:01:55]} 19. Qxf3 {[%emt 0:03:54]} Bxf3 {[%emt 0:00:02]} 20. Rh3 {[%emt 0:00:22]} Bxe4 {[%emt 0:02:05]} 21. Nxe4 {[%emt 0:01:12]} Bxb2 {[%emt 0:00:02]} 22. Re1 {[%emt 0:00:41]} Be5 {[%emt 0:05:02]} 23. Nxc5 {[%emt 0:04:15]} Rfc8 {[%emt 0:00:07]} 24. Nd3 {[%emt 0:02:33]} Rxc2 {[%emt 0:00:46]} 25. Nxe5 {[%emt 0:00:11]} dxe5 {[%emt 0:00:07]} 26. Rd3 {[%emt 0:00:22]} Re8 {[%emt 0:01:02]} 27. a4 {[%emt 0:01:33]} Rc7 {[%emt 0:00:27]} 28. Rd5 {[%emt 0:00:53]} Rce7 {[%emt 0:00:20]} 29. Rc1 {[%emt 0:00:22]} f6 {[%emt 0:02:03]} 30. Ke2 {[%emt 0:00:06]} Kf7 {[%emt 0:00:06]} 31. a5 {[%emt 0:01:03]} Ke6 {[%emt 0:00:41]} 32. Rdc5 {[%emt 0:00:12]} Rd8 {[%emt 0:00:47]} 33. b4 {[%emt 0:01:42]} Rd4 {[%emt 0:00:50]} 34. b5 {[%emt 0:01:43]} Red7 {[%emt 0:00:40]} 35. R1c2 {[%emt 0:00:32]} R4d5 {[%emt 0:01:48]} 36. a6 {[%emt 0:00:13]} Rxc5 {[%emt 0:00:14]} 37. Rxc5 {[%emt 0:00:11]} bxa6 {[%emt 0:00:08]} 38. bxa6 {[%emt 0:00:35]} Rd6 {[%emt 0:00:02]} 39. Ra5 {[%emt 0:00:27]} Kf5 {[%emt 0:00:25]} 40. Ra1 {[%emt 0:00:28]} g5 {[%emt 0:00:08]} 41. f3 {[%emt 0:00:26]} g4 {[%emt 0:00:33]} 42. fxg4+ {[%emt 0:00:40]} hxg4 {[%emt 0:00:02]} 43. Ke3 {[%emt 0:00:18]} Ke6 {[%emt 0:02:12]} 44. d3 {[%emt 0:00:23]} f5 {[%emt 0:00:40]} 45. Rh1 {[%emt 0:00:57]} f4+ {[%emt 0:00:35]} 46. Ke2 {[%emt 0:00:11]} Kd5 {[%emt 0:00:40]} 47. Ra1 {[%emt 0:00:32]} g3 {[%emt 0:01:14]} 48. Kf3 {[%emt 0:01:04]} Ke6 {[%emt 0:00:13]} 49. Ra3 {[%emt 0:00:22]} Kf5 {[%emt 0:00:08]} 50. Ke2 {[%emt 0:00:32]} Kg4 {[%emt 0:00:53]} 51. Ra5 {[%emt 0:00:17]} f3+ {[%emt 0:00:26]} 52. Ke3 {[%emt 0:00:07]} f2 {[%emt 0:00:22]} 53. Ra4+ {[%emt 0:01:24]} Kh3 {[%emt 0:00:10]} 54. Ra1 {[%emt 0:00:29]} Rf6 {[%emt 0:00:40]} 55. Ke2 {[%emt 0:00:35]} g2 {[%emt 0:00:19]} 0-1

[Event "S. A. Group BAN-chT 2018"]
[Site "Dhaka"]
[Date "2018.12.07"]
[Round "2"]
[White "S M Sharon"]
[Black "Hasan Md, Emam"]
[Result "0-1"]
[WhiteElo "2123"]
[BlackElo "2076"]
[Annotator "NA"]
[PlyCount "130"]
[EventDate "2018.12.07"]
[EventType "team-tourn"]
[EventCountry "BAN"]
[SourceTitle "playchess.com"]
[Source "ChessBase"]
[SourceQuality "1"]
[TimeControl "5400+30"]

1. e4 {[%emt 0:02:13]} e5 {[%emt 0:06:01]} 2. Nf3 {[%emt 0:00:50]} d6 {[%emt 0:00:02]} 3. Bc4 {[%emt 0:01:56]} c6 {[%emt 0:00:05]} 4. d4 {[%emt 0:03:28]} Nd7 {[%emt 0:00:02]} 5. dxe5 {[%emt 0:05:30]} dxe5 {[%emt 0:00:02]} 6. Ng5 {[%emt 0:05:44]} Nh6 {[%emt 0:00:09]} 7. O-O {[%emt 0:05:26]} Qe7 {[%emt 0:02:16]} 8. Kh1 {[%emt 0:04:54]} Nb6 {[%emt 0:01:23]} 9. Bb3 {[%emt 0:00:08]} f6 {[%emt 0:00:12]} 10. Nf3 {[%emt 0:01:07]} Nf7 {[%emt 0:00:05]} 11. Be3 {[%emt 0:01:20]} Bg4 {[%emt 0:09:40]} 12. Nbd2 {[%emt 0:01:05]} O-O-O {[%emt 0:01:07]} 13. Bxf7 {[%emt 0:03:30]} Bxf3 {[%emt 0:01:40]} 14. Qxf3 {[%emt 0:00:04]} Qxf7 {[%emt 1:14:16]} 15. Qe2 {[%emt 0:06:00]} g5 {[%emt 0:00:00]} 16. Rfd1 {[%emt 0:02:54]} Be7 {[%emt 0:00:00]} 17. a4 {[%emt 0:05:21]} Kc7 {[%emt 0:00:00]} 18. a5 {[%emt 0:07:31]} Nc8 {[%emt 0:00:00]} 19. Rdb1 {[%emt 0:01:01]} Qf8 {[%emt 0:00:00]} 20. Nc4 {[%emt 0:07:35]} Bc5 {[%emt 0:00:00]} 21. c3 {[%emt 0:02:18]} Bxe3 {[%emt 0:00:00]} 22. Qxe3 {[%emt 0:02:08]} Qf7 {[%emt 0:00:00]} 23. Qc5 {[%emt 0:01:42]} Qe7 {[%emt 0:00:00]} 24. Qxe7+ {[%emt 0:04:22]} Nxe7 {[%emt 0:00:00]} 25. Rd1 {[%emt 0:00:22]} Nc8 {[%emt 0:00:00]} 26. g3 {[%emt 0:02:44]} Nd6 {[%emt 0:00:00]} 27. Nxd6 {[%emt 0:00:51]} Rxd6 {[%emt 0:00:00]} 28. Rxd6 {[%emt 0:00:04]} Kxd6 {[%emt 0:00:00]} 29. Rd1+ {[%emt 0:00:58]} Ke6 {[%emt 0:00:00]} 30. Kg2 {[%emt 0:02:14]} g4 {[%emt 0:00:00]} 31. h3 {[%emt 0:01:02]} h5 {[%emt 0:00:00]} 32. h4 {[%emt 0:00:13]} b6 {[%emt 0:00:00]} 33. axb6 {[%emt 0:00:43]} axb6 {[%emt 0:00:00]} 34. Ra1 {[%emt 0:02:27]} Kd6 {[%emt 0:00:00]} 35. Ra7 {[%emt 0:00:53]} Kc5 {[%emt 0:00:00]} 36. Rf7 {[%emt 0:00:43]} Rh6 {[%emt 0:00:00]} 37. Rc7 {[%emt 0:04:38]} Kb5 {[%emt 0:00:00]} 38. Kf1 {[%emt 0:01:17]} c5 {[%emt 0:00:00]} 39. Ke2 {[%emt 0:00:42]} f5 {[%emt 0:00:00]} 40. exf5 {[%emt 0:00:18]} Rf6 {[%emt 0:00:00]} 41. Rg7 {[%emt 0:00:16]} Rxf5 {[%emt 0:00:00]} 42. Rg5 {[%emt 0:00:08]} Rf6 {[%emt 0:00:00]} 43. Rxe5 {[%emt 0:02:23]} Kc4 {[%emt 0:00:00]} 44. b4 {[%emt 0:00:48]} cxb4 {[%emt 0:00:00]} 45. cxb4 {[%emt 0:00:01]} Kxb4 {[%emt 0:00:00]} 46. Rxh5 {[%emt 0:00:02]} Kc4 {[%emt 0:00:00]} 47. Rg5 {[%emt 0:00:08]} b5 {[%emt 0:00:00]} 48. Rxg4+ {[%emt 0:00:02]} Kc3 {[%emt 0:00:00]} 49. Rg8 {[%emt 0:00:22]} b4 {[%emt 0:00:00]} 50. Rb8 {[%emt 0:00:27]} b3 {[%emt 0:00:00]} 51. f4 {[%emt 0:00:12]} b2 {[%emt 0:00:00]} 52. Ke3 {[%emt 0:03:44]} Re6+ {[%emt 0:00:00]} 53. Kf2 {[%emt 0:00:39]} Re8 {[%emt 0:00:00]} 54. Rb7 {[%emt 0:01:23]} Re7 {[%emt 0:00:00]} 55. Rb6 {[%emt 0:00:28]} Re6 {[%emt 0:00:00]} 56. Rb5 {[%emt 0:00:18]} Re4 {[%emt 0:00:00]} 57. Rxb2 {[%emt 0:01:50]} Kxb2 {[%emt 0:00:00]} 58. Kf3 {[%emt 0:00:13]} Re8 {[%emt 0:00:00]} 59. h5 {[%emt 0:00:13]} Kc3 {[%emt 0:00:00]} 60. g4 {[%emt 0:00:39]} Kd4 {[%emt 0:00:00]} 61. g5 {[%emt 0:02:05]} Re3+ {[%emt 0:00:00]} 62. Kg4 {[%emt 0:00:55]} Ke4 {[%emt 0:00:00]} 63. f5 {[%emt 0:02:18]} Re1 {[%emt 0:00:43]} 64. f6 {[%emt 0:00:24]} Rg1+ {[%emt 0:00:29]} 65. Kh4 {[%emt 0:02:56]} Ke5 {[%emt 0:24:18]} 0-1

[Event "S. A. Group BAN-chT 2018"]
[Site "Dhaka"]
[Date "2018.12.07"]
[Round "2"]
[White "Saiful Islam, Chowdhury"]
[Black "Kovalev, Vladislav"]
[Result "0-1"]
[WhiteElo "2120"]
[BlackElo "2683"]
[Annotator "TA"]
[PlyCount "81"]
[EventDate "2018.12.07"]
[EventType "team-tourn"]
[EventCountry "BAN"]
[SourceTitle "playchess.com"]
[Source "ChessBase"]
[SourceQuality "1"]

{[%evp 12,81,8,-8,16,-20,-21,-26,0,0,-6,-49,-14,-47,-25,-44,-13,-17,-13,-18,0,-56,-56,-52,4,-30,34,-85,66,-75,59,0,31,-36,-56,-50,-25,-102,-70,-222,-220,-271,-287,-265,-258,-285,-224,-213,-195,-396,-392,-418,-396,-410,-413,-402,-429,-414,-431,-431,-357,-455,-444,-505,-500,-524,-513,-505,-555,-533,-531,-1906]} 1. e4 e5 2. Nf3 Nc6 3. Bc4 Nf6 4. d3 Be7 5. Nc3 d6 6. h3 Na5 7. Qe2 {LiveBook: 3 Games} h6 {C55: Two Knights: 4 d3, 4 d4 exd4 5 e5 and Max Lange Attack} 8. Bd2 $146 ({Predecessor:} 8. Be3 c6 9. a4 Nxc4 10. dxc4 Qc7 11. O-O O-O 12. Nh2 Be6 13. Ng4 Nxg4 14. hxg4 Qa5 {1-0 (67) Borngaesser,R (2288)-Erwich,F (2331) Germany 2013}) 8... Nxc4 9. dxc4 c6 {Black has an edge.} 10. O-O-O Qc7 11. Kb1 Be6 12. Be3 a6 13. Nd2 b5 {[%cal Bb7b5,Bb5b4][%mdl 32]} 14. f4 $1 Qb7 15. f5 Bd7 16. Qd3 (16. Qf3 $11) 16... b4 $15 17. Ne2 d5 (17... c5 $15) 18. Rhe1 O-O-O ({Better is} 18... O-O $11) 19. Ng3 {[#]} (19. exd5 $14 {stays ahead.} cxd5 20. cxd5) 19... Kb8 $2 (19... d4 $1 $17 {[%cal Rd4e3]} 20. Bf2 c5) 20. Qf1 (20. exd5 $14 {keeps the upper hand.} cxd5 {[#]} 21. Bd4 $1 {[%mdl 576] Pin}) 20... h5 (20... d4 $17 21. Bf2 c5) 21. Bg1 (21. Nf3 $1 $14) 21... h4 22. Nh1 (22. Ne2 $14) 22... Nxe4 23. Nxe4 dxe4 24. c5 (24. g4 $11) 24... f6 25. Rd2 $2 (25. g4 $15) 25... Qb5 $19 {And now ...Qxf1 would win.} 26. Qf2 {[#]} e3 $1 {[%mdl 576] Deflection} 27. Qxe3 (27. Rxe3 Bxc5) 27... Bxf5 28. g4 hxg3 {Threatens to win with ...Rxd2.} 29. Nxg3 Rxd2 30. Nxf5 $2 (30. Qxd2 {is the only way for White.} Rd8 31. Qg2) 30... Rd7 {[%cal Bd2d7,Bd7e7,Be7e8][%mdl 32]} 31. Nxe7 Rxe7 32. Rd1 Ree8 33. b3 Rd8 34. Rd6 Kc7 35. Kb2 Rhe8 36. Qg3 Re7 {Black is clearly winning.} 37. Qg4 a5 38. Qd1 Red7 39. Qg4 a4 40. bxa4 Qxa4 41. Be3 {Accuracy: White = 25%, Black = 39%.} 0-1

[Event "S. A. Group BAN-chT 2018"]
[Site "Dhaka"]
[Date "2018.12.07"]
[Round "2"]
[White "Ikramul, Haq Siam"]
[Black "Rahman, Ziaur"]
[Result "0-1"]
[WhiteElo "2116"]
[BlackElo "2468"]
[Annotator "TA"]
[PlyCount "64"]
[EventDate "2018.12.07"]
[EventType "team-tourn"]
[EventCountry "BAN"]
[SourceTitle "playchess.com"]
[Source "ChessBase"]
[SourceQuality "1"]

{[%evp 19,64,35,22,18,10,3,8,0,11,10,28,15,17,3,41,34,29,21,71,59,48,53,45,56,71,68,70,64,49,54,81,68,100,45,50,-17,-51,-294,-277,-493,-482,-497,-472,-1327,-1233,-1172,-1136]} 1. d4 g6 2. e4 Bg7 3. Nc3 d6 4. Nf3 a6 5. a4 Nf6 6. Be2 O-O 7. O-O Nc6 8. h3 e6 9. Be3 b6 10. Qd2 {B08: Pirc Defence: Classical System} (10. e5 dxe5 11. Nxe5 Bb7 12. Bf3 Nd5 13. Nxd5 exd5 14. Nxc6 Bxc6 15. a5 b5 16. Qd2 Re8 17. Bf4 Bb7 {½-½ (30) Svidler,P (2760)-Dubov,D (2701) Moscow 2018}) 10... Bb7 {LiveBook: 10 Games} 11. Bh6 Ne7 12. Bxg7 {The position is equal.} Kxg7 13. e5 Nd7 $146 ({Predecessor:} 13... Nfd5 14. Nxd5 Bxd5 {½-½ (28) Jarosz,S (2206)-Beltins,G (2083) ICCF email 2008}) 14. Rad1 d5 15. Nb1 c5 16. c3 Rc8 17. Na3 Nc6 18. b4 {[%cal Bb2b4,Bb4b5][%mdl 32]} Ne7 19. b5 a5 20. Bd3 Ng8 21. Rfe1 Qe7 {[#] ...c4 is the strong threat.} 22. Nc2 Rc7 23. g4 cxd4 24. cxd4 Rfc8 25. h4 f6 26. h5 (26. g5 $16) 26... gxh5 $1 $14 27. gxh5 (27. g5 $1 $14) 27... Kh8 $11 28. Ne3 $2 {[#]} (28. Qf4 $15) 28... fxe5 $19 29. Nxe5 $2 (29. Bf1 {is a better defense.}) 29... Nxe5 {Black is clearly winning.} 30. dxe5 {If only White now had time for Ng2....} Qh4 31. Nf1 (31. Ng2 $142 Rg7 32. f3) 31... Rg7+ 32. Ng3 d4 {Accuracy: White = 37%, Black = 56%.} 0-1

[Event "S. A. Group BAN-chT 2018"]
[Site "Dhaka"]
[Date "2018.12.07"]
[Round "2"]
[White "Khan, Jewel"]
[Black "Mohammad Minhaz Uddin"]
[Result "0-1"]
[WhiteElo "1957"]
[BlackElo "2290"]
[Annotator "ChessBase"]
[PlyCount "152"]
[EventDate "2018.12.07"]
[EventType "team-tourn"]
[EventCountry "BAN"]
[SourceTitle "playchess.com"]
[Source "ChessBase"]
[SourceQuality "1"]
[TimeControl "5400+30"]

1. d4 {[%emt 0:14:10]} Nf6 {[%emt 0:00:00]} 2. e3 {[%emt 0:00:47]} d5 {[%emt 0:00:19]} 3. Nf3 {[%emt 0:00:27]} Bg4 {[%emt 0:00:43]} 4. Bd3 {[%emt 0:01:18]} e6 {[%emt 0:00:14]} 5. O-O {[%emt 0:00:14]} c5 {[%emt 0:00:09]} 6. c4 {[%emt 0:01:09]} Nc6 {[%emt 0:03:00]} 7. cxd5 {[%emt 0:02:35]} exd5 {[%emt 0:00:03]} 8. dxc5 {[%emt 0:01:19]} Bxc5 {[%emt 0:00:03]} 9. a3 {[%emt 0:00:34]} a6 {[%emt 0:03:26]} 10. b4 {[%emt 0:00:17]} Ba7 {[%emt 0:00:04]} 11. Bb2 {[%emt 0:00:23]} O-O {[%emt 0:00:05]} 12. Nbd2 {[%emt 0:00:42]} Re8 {[%emt 0:02:17]} 13. Rc1 {[%emt 0:05:27]} Ne4 {[%emt 0:02:26]} 14. Nb3 {[%emt 0:03:49]} Qe7 {[%emt 0:03:12]} 15. Be2 {[%emt 0:01:53]} Rad8 {[%emt 0:08:04]} 16. Nbd4 {[%emt 0:01:06]} Rd6 {[%emt 0:02:26]} 17. Nxc6 {[%emt 0:03:43]} bxc6 {[%emt 0:00:06]} 18. Nd4 {[%emt 0:01:40]} Bd7 {[%emt 0:00:42]} 19. Bg4 {[%emt 0:05:34]} Bxg4 {[%emt 0:03:40]} 20. Qxg4 {[%emt 0:00:14]} Bxd4 {[%emt 0:02:07]} 21. Bxd4 {[%emt 0:01:14]} Rg6 {[%emt 0:00:06]} 22. Qe2 {[%emt 0:05:01]} f5 {[%emt 0:08:00]} 23. f3 {[%emt 0:01:51]} Ng5 {[%emt 0:00:03]} 24. f4 {[%emt 0:09:51]} Ne4 {[%emt 0:00:20]} 25. Rf3 {[%emt 0:01:17]} Ra8 {[%emt 0:03:31]} 26. Rh3 {[%emt 0:04:01]} h6 {[%emt 0:02:01]} 27. Bc5 {[%emt 0:07:30]} Qd7 {[%emt 0:00:57]} 28. Qb2 {[%emt 0:03:45]} Kh7 {[%emt 0:00:49]} 29. Rf3 {[%emt 0:00:33]} a5 {[%emt 0:01:30]} 30. Rff1 {[%emt 0:00:29]} axb4 {[%emt 0:02:30]} 31. axb4 {[%emt 0:00:14]} Qb7 {[%emt 0:00:11]} 32. Rc2 {[%emt 0:03:29]} Re6 {[%emt 0:03:00]} 33. Qd4 {[%emt 0:03:14]} Ra4 {[%emt 0:02:57]} 34. Rb1 {[%emt 0:02:38]} Qa8 {[%emt 0:06:51]} 35. h3 {[%emt 0:06:19]} Rg6 {[%emt 0:03:55]} 36. Kh2 {[%emt 0:01:07]} Ra2 {[%emt 0:01:35]} 37. Rxa2 {[%emt 0:02:16]} Qxa2 {[%emt 0:00:03]} 38. Qb2 {[%emt 0:00:14]} Qc4 {[%emt 0:00:45]} 39. Rc1 {[%emt 0:00:39]} Qb5 {[%emt 0:02:25]} 40. Bd4 {[%emt 0:00:19]} Qb8 {[%emt 0:01:42]} 41. Rg1 {[%emt 0:01:43]} Rg3 {[%emt 0:01:03]} 42. Rf1 {[%emt 0:01:01]} Qd8 {[%emt 0:00:54]} 43. Qe2 {[%emt 0:00:45]} Qe8 {[%emt 0:03:44]} 44. Rf3 {[%emt 0:01:14]} Qg6 {[%emt 0:00:07]} 45. Rxg3 {[%emt 0:00:42]} Qxg3+ {[%emt 0:00:04]} 46. Kg1 {[%emt 0:00:16]} Kg6 {[%emt 0:03:34]} 47. Qf1 {[%emt 0:01:08]} h5 {[%emt 0:05:11]} 48. Qe2 {[%emt 0:00:30]} h4 {[%emt 0:00:24]} 49. Qf1 {[%emt 0:00:17]} Kh6 {[%emt 0:00:18]} 50. Qe2 {[%emt 0:00:54]} Kg6 {[%emt 0:05:25]} 51. Qf1 {[%emt 0:00:15]} Kh7 {[%emt 0:00:02]} 52. Qe2 {[%emt 0:00:20]} Qg6 {[%emt 0:00:17]} 53. Kh2 {[%emt 0:00:35]} Kh6 {[%emt 0:04:48]} 54. Qe1 {[%emt 0:00:40]} Qg3+ {[%emt 0:00:16]} 55. Qxg3 {[%emt 0:00:13]} hxg3+ {[%emt 0:01:09]} 56. Kg1 {[%emt 0:00:25]} Kg6 {[%emt 0:00:21]} 57. Kf1 {[%emt 0:00:26]} Kf7 {[%emt 0:00:02]} 58. Ke2 {[%emt 0:00:23]} g6 {[%emt 0:00:04]} 59. Kf3 {[%emt 0:00:30]} Ke6 {[%emt 0:00:47]} 60. Bb6 {[%emt 0:00:39]} Kd7 {[%emt 0:00:06]} 61. Ke2 {[%emt 0:00:25]} Kc8 {[%emt 0:00:02]} 62. Kf3 {[%emt 0:00:20]} Kb7 {[%emt 0:00:20]} 63. Bd8 {[%emt 0:00:15]} Ka6 {[%emt 0:00:01]} 64. Be7 {[%emt 0:00:29]} Kb5 {[%emt 0:00:02]} 65. Bf8 {[%emt 0:00:31]} Kc4 {[%emt 0:00:23]} 66. Be7 {[%emt 0:00:13]} Kc3 {[%emt 0:01:10]} 67. Bf8 {[%emt 0:00:32]} Kd2 {[%emt 0:00:17]} 68. Be7 {[%emt 0:00:14]} Ke1 {[%emt 0:00:18]} 69. Bf8 {[%emt 0:00:22]} Kf1 {[%emt 0:00:05]} 70. Be7 {[%emt 0:00:18]} Kg1 {[%emt 0:00:04]} 71. Bh4 {[%emt 0:01:10]} Kh2 {[%emt 0:00:07]} 72. Be7 {[%emt 0:01:30]} Nd2+ {[%emt 0:00:44]} 73. Ke2 {[%emt 0:00:16]} Kxg2 {[%emt 0:00:02]} 74. Kxd2 {[%emt 0:00:44]} Kf1 {[%emt 0:00:28]} 75. e4 {[%emt 0:00:36]} dxe4 {[%emt 0:00:25]} 76. Bc5 {[%emt 0:00:29]} g2 {[%emt 0:00:01]} 0-1

[Event "S. A. Group BAN-chT 2018"]
[Site "Dhaka"]
[Date "2018.12.07"]
[Round "2"]
[White "Zia, Tahsin Tajwar"]
[Black "Subhayan Kundu"]
[Result "0-1"]
[WhiteElo "1925"]
[BlackElo "2185"]
[Annotator "NA"]
[PlyCount "76"]
[EventDate "2018.12.07"]
[EventType "team-tourn"]
[EventCountry "BAN"]
[SourceTitle "playchess.com"]
[Source "ChessBase"]
[SourceQuality "1"]
[TimeControl "5400+30"]

1. Nf3 {[%emt 0:06:22]} c5 {[%emt 0:00:00]} 2. g3 {[%emt 0:00:30]} Nc6 {[%emt 0:00:36]} 3. Bg2 {[%emt 0:00:07]} g6 {[%emt 0:00:03]} 4. O-O {[%emt 0:00:08]} Bg7 {[%emt 0:00:03]} 5. d3 {[%emt 0:00:10]} d6 {[%emt 0:01:20]} 6. Nbd2 {[%emt 0:00:24]} e5 {[%emt 0:00:20]} 7. e4 {[%emt 0:00:29]} Nge7 {[%emt 0:00:14]} 8. c3 {[%emt 0:00:31]} O-O {[%emt 0:01:04]} 9. a3 {[%emt 0:04:51]} a5 {[%emt 0:12:13]} 10. a4 {[%emt 0:00:47]} h6 {[%emt 0:01:33]} 11. Nc4 {[%emt 0:04:51]} f5 {[%emt 0:08:56]} 12. h3 {[%emt 0:04:03]} Be6 {[%emt 0:12:30]} 13. Nfd2 {[%emt 0:23:20]} f4 {[%emt 0:17:57]} 14. g4 {[%emt 0:04:29]} g5 {[%emt 0:01:38]} 15. Na3 {[%emt 0:06:04]} Ng6 {[%emt 0:06:18]} 16. Nb5 {[%emt 0:03:26]} Rf7 {[%emt 0:05:52]} 17. f3 {[%emt 0:04:31]} d5 {[%emt 0:08:10]} 18. Qc2 {[%emt 0:12:47]} Nh4 {[%emt 0:02:46]} 19. exd5 Bxd5 {[%emt 0:00:00]} 20. Ne4 {[%emt 0:12:49]} Bf8 {[%emt 0:00:32]} 21. Na3 {[%emt 0:02:19]} Rd7 {[%emt 0:04:06]} 22. Nc4 {[%emt 0:00:54]} Be6 {[%emt 0:00:08]} 23. Nf2 {[%emt 0:05:26]} e4 {[%emt 0:02:03]} 24. Nxe4 {[%emt 0:01:44]} Rxd3 {[%emt 0:00:32]} 25. Nb6 {[%emt 0:00:54]} Qxb6 {[%emt 0:00:12]} 26. Qxd3 {[%emt 0:00:20]} c4+ {[%emt 0:00:06]} 27. Be3 {[%emt 0:00:09]} fxe3 {[%emt 0:02:45]} 28. Qe2 {[%emt 0:00:37]} Ng6 {[%emt 0:00:12]} 29. f4 {[%emt 0:00:48]} Nxf4 {[%emt 0:00:16]} 30. Rxf4 {[%emt 0:00:09]} gxf4 {[%emt 0:00:01]} 31. g5 {[%emt 0:00:55]} Ne5 {[%emt 0:01:22]} 32. Nf6+ {[%emt 0:00:21]} Kh8 {[%emt 0:00:24]} 33. Be4 {[%emt 0:00:43]} f3 {[%emt 0:00:19]} 34. Bxf3 {[%emt 0:00:29]} Bg7 {[%emt 0:01:45]} 35. Rf1 {[%emt 0:00:22]} Bxf6 {[%emt 0:00:13]} 36. gxf6 {[%emt 0:00:19]} Rg8+ {[%emt 0:00:06]} 37. Kh2 {[%emt 0:00:13]} Nxf3+ {[%emt 0:01:54]} 38. Rxf3 {[%emt 0:00:38]} Qd6+ {[%emt 0:00:10]} 0-1